000 01149nam a2200301 i 4500
999 _c6128
_d6128
001 vtls003135450
003 NUKAT
005 20180628143512.0
008 140703s1971 pl a f |001 0 pol c
035 _axx003135450
039 9 _a201806131341
_bvapkr
_c201609031342
_dvbj
_c201602031431
_dvpbwgd
_c201505222345
_dkopumk
040 _aKR 197/JG
_cKR 197/JG
_dKR 197/MM
100 1 _aGirulski, Ryszard
_d( -2008).
245 1 0 _aAmatorskie urządzenia krótkofalowe /
_cRyszard Girulski.
250 _aWyd. 2 przerobione.
260 _aWarszawa :
_bWydawnictwa Naukowo-Techniczne,
_c1971.
300 _a430, [2] s., [3] s. tabl. złoż. :
_bil. ;
_c24 cm.
504 _aBibliogr. s. 406. Indeks.
521 8 _aKsiążka przeznaczona jest dla radioamatorów - krótkofalowców (nadawców i nasłuchowców).
650 _aRadiofonia na falach krótkich
_vpodręczniki dla amatorów.
710 2 _aWydawnictwa Naukowo-Techniczne.
_4pbl
_919
942 _2ddc
_cBK
956 _aKR_119
960 _aGD_101